000 00385nam a2200169Ia 4500
001 5852
003 IN-NITTTR
005 20251114233013.0
008 251113s9999||||xx |||||||||||||| ||eng||
040 _beng
040 _cIN-NITTTR
041 _aeng
082 _a150 G44P
100 _aGiorgi, Amedeo
245 0 _aPsychology as a human science /
_cGiorgi, Amedeo
942 _2ddc
_cBK
999 _c8489
_d8489